000 00751nam a2200289Ia 4500
001 6323
003 IT-RoPAU
008 130308s9999 xx 000 0 und d
040 _aIT-RoPAU
040 _cIT-RoPAU
041 _aITALIANO
100 _aDe Filippi Fernando
100 _gCodice Aut. SPICS: 7463
245 _aScenografia e ideologia
245 _bForme Scenografiche della Televisione
250 _a1a ed.
260 _aMILANO
260 _bAngeli Franco
260 _c1982 [1° Ed.:1982 - Ed.Ling.Originale:1982]
300 _a"1 p. (prefazione: no ; testo: 1 [pagine: 116-116])"
650 _aTECNICA TELEVISIVA
650 _eCodice materia Spics: 6952
942 _cBK
957 _71
999 _c57071
_d57071
999 _bSI
999 _g1